|
|
|
|
| LEADER |
02596nam a2200649 i 4500 |
| 001 |
nkc20203261317 |
| 003 |
CZ PrNK |
| 005 |
20210427141134.0 |
| 007 |
ta |
| 008 |
201030s2020 xr ac e f 001 0dcze |
| 015 |
|
|
|a cnb003261317
|
| 020 |
|
|
|a 978-80-270-8722-8
|q (brožováno)
|
| 035 |
|
|
|a (OCoLC)1245647790
|
| 040 |
|
|
|a OLA001
|b cze
|e rda
|
| 041 |
1 |
|
|a cze
|a ger
|a rom
|h cze
|
| 043 |
|
|
|a e-xr---
|b e-xr-us
|2 czenas
|
| 072 |
|
7 |
|a 641
|x Kuchařství. Potraviny. Vařená jídla
|2 Konspekt
|9 19
|
| 080 |
|
|
|a (=214.58)
|2 MRF
|
| 080 |
|
|
|a 308
|2 MRF
|
| 080 |
|
|
|a 641.56(=214.58)
|2 MRF
|
| 080 |
|
|
|a (437.315)
|2 MRF
|
| 080 |
|
|
|a (083.12)
|2 MRF
|
| 080 |
|
|
|a (0:82-94)
|2 MRF
|
| 100 |
1 |
|
|a Billy, Milan
|4 aut
|4 trl
|
| 245 |
1 |
0 |
|a Hostem u Romů ve Šluknově :
|b recepty a vzpomínky = Džas te za dikhel ko Roma Šluknovoste : recepta the leperiben = Zu Gast bei den Roma in Schluckenau : Rezepte und Erinnerungen /
|c texty, překlady, redakce: Milan Billy, Jan Cína, Eva Habel, Radka Kováčová, Roxana Kovačová, Kamila Svobodová
|
| 246 |
3 |
1 |
|a Džas te za dikhel ko Roma Šluknovoste
|
| 246 |
3 |
1 |
|a Zu Gast bei den Roma in Schluckenau
|
| 264 |
|
1 |
|a [Šluknov] :
|b Oblastní charita Šluknov,
|c 2020
|
| 300 |
|
|
|a 225 stran :
|b ilustrace (převážně barevné), portréty ;
|c 21 x 30 cm
|
| 336 |
|
|
|a text
|b txt
|2 rdacontent
|
| 336 |
|
|
|a statický obraz
|b sti
|2 rdacontent
|
| 337 |
|
|
|a bez média
|b n
|2 rdamedia
|
| 338 |
|
|
|a svazek
|b nc
|2 rdacarrier
|
| 500 |
|
|
|a Obsahuje rejstřík
|
| 546 |
|
|
|a Souběžný romský a německý text
|
| 650 |
0 |
7 |
|a Romové
|7 ph118051
|z Česko
|2 czenas
|
| 650 |
0 |
7 |
|a Romové
|7 ph118051
|x sociální poměry
|2 czenas
|
| 650 |
0 |
7 |
|a romská jídla
|7 ph125206
|2 czenas
|
| 650 |
0 |
9 |
|a Romanies
|z Czechia
|2 eczenas
|
| 650 |
0 |
9 |
|a Romanies
|x social conditions
|2 eczenas
|
| 650 |
0 |
9 |
|a Romani cookery
|2 eczenas
|
| 651 |
|
7 |
|a Šluknov (Česko)
|7 ge131539
|2 czenas
|
| 651 |
|
9 |
|a Šluknov (Czechia)
|2 eczenas
|
| 655 |
|
7 |
|a kuchařské recepty
|7 fd132687
|2 czenas
|
| 655 |
|
7 |
|a vzpomínky
|7 fd133830
|2 czenas
|
| 655 |
|
9 |
|a cookbooks
|2 eczenas
|
| 655 |
|
9 |
|a reminiscences
|2 eczenas
|
| 700 |
1 |
|
|a Cína, Jan
|7 ola20211102058
|4 aut
|4 trl
|
| 700 |
1 |
|
|a Habel, Eva
|7 av2016898017
|4 aut
|4 trl
|
| 700 |
1 |
|
|a Kováčová, Radka
|7 ola20211102063
|4 aut
|4 trl
|
| 700 |
1 |
|
|a Kováčová, Roxana
|7 ola20211102065
|4 aut
|4 trl
|
| 700 |
1 |
|
|a Svobodová, Kamila
|7 ola20211102088
|4 aut
|4 trl
|
| 910 |
2 |
|
|a BOA001
|b 4-1460.570
|
| 990 |
|
|
|a BK
|
| 995 |
|
|
|a 01
|
| 991 |
|
|
|b 202104
|c NOV
|
| 996 |
6 |
|
|b 2610854979
|c 4-1460.570
|l MZK
|r Sklad / do 1 hodiny
|n 0
|p p.v.
|w 001841996
|u 000010
|a 1
|e BOA001
|j MZK50
|s P
|